[Event "Hillerod CC-ch Gr1"]
[Site "Hillerod"]
[Date "2019.01.22"]
[Round "2"]
[White "Paulsen, Laurids"]
[Black "Damm, Henrik"]
[Result "1/2-1/2"]
[WhiteElo "1831"]
[BlackElo "1615"]
[PlyCount "60"]
[EventDate "2019.01.08"]
[EventType "tourn"]
[EventRounds "7"]
[EventCountry "DEN"]
[SourceTitle "EXT 2021"]
[Source "ChessBase"]
[SourceDate "2020.10.23"]
[SourceVersion "1"]
[SourceVersionDate "2020.10.23"]
[SourceQuality "1"]

1. c4 c5 2. Nc3 Nc6 3. g3 Nf6 4. Bg2 g6 5. d3 Bg7 6. e4 d6 7. Nge2 Qd7 8. 0-0 0-0 9. Rb1 Rb8 10. a3 b6 11. b4 Ne8 12. Nd5 Nc7 13. Nef4 Bb7 14. Bh3 Qd8 15. Bb2 Nd4 16. Bg2 e5 17. Ne2 Nce6 18. Bc1 Nxe2+ 19. Qxe2 Nd4 20. Qd1 Bc6 21. bxc5 dxc5 22. f4 f6 23. fxe5 fxe5 24. Rxf8+ Qxf8 25. Bg5 Rb7 26. Rb2 Rf7 27. Be3 Nf3+ 28. Kh1 Nd4 29. Qe1 Nf3 30. Qd1 Nd4 1/2-1/2

[Event "Skjold Burne Hillerod op"]
[Site "Hillerod"]
[Date "2018.10.09"]
[Round "5"]
[White "Feldung, Arne"]
[Black "Paulsen, Laurids"]
[Result "0-1"]
[WhiteElo "1342"]
[BlackElo "1845"]
[PlyCount "94"]
[EventDate "2018.09.25"]
[EventType "swiss"]
[EventRounds "7"]
[EventCountry "DEN"]
[SourceTitle "EXT 2020"]
[Source "ChessBase"]
[SourceDate "2019.10.17"]
[SourceVersion "1"]
[SourceVersionDate "2019.10.17"]
[SourceQuality "1"]

1. Nf3 d5 2. g3 c5 3. Bg2 Nf6 4. d3 e6 5. 0-0 Nc6 6. Nbd2 Bd6 7. e4 0-0 8. exd5 exd5 9. Re1 Bg4 10. c3 Qc7 11. Nf1 Rae8 12. Rxe8 Rxe8 13. Ne3 Bh5 14. Qc2 d4 15. Nc4 Bf8 16. Bf4 Qd8 17. Re1 Be7 18. Nce5 Nd5 19. Nxc6 bxc6 20. Bd2 dxc3 21. bxc3 Bf6 22. Rxe8+ Qxe8 23. Qb3 h6 24. c4 Nb6 25. Qa3 Qe2 26. d4 Bxf3 27. Bxf3 Qxd2 28. Qxa7 Bxd4 29. Qb8+ Kh7 30. Be4+ g6 31. Qf4 Qxf4 32. gxf4 Nxc4 33. Bxc6 Na3 34. Kg2 c4 35. Be4 c3 36. f5 c2 37. fxg6+ fxg6 38. Bxc2 Nxc2 39. Kf3 Nb4 40. a4 Bb6 41. Kg2 Nd5 42. f3 Nc3 43. Kg3 Nxa4 44. h3 Nc3 45. Kg4 Ne2 46. f4 h5+ 47. Kg5 Bd8# 0-1

[Event "Skjold Burne Hillerod op"]
[Site "Hillerod"]
[Date "2018.10.02"]
[Round "4"]
[White "Paulsen, Laurids"]
[Black "Steenstrup, Svend"]
[Result "0-1"]
[WhiteElo "1845"]
[BlackElo "1910"]
[PlyCount "52"]
[EventDate "2018.09.25"]
[EventType "swiss"]
[EventRounds "7"]
[EventCountry "DEN"]
[SourceTitle "EXT 2020"]
[Source "ChessBase"]
[SourceDate "2019.10.17"]
[SourceVersion "1"]
[SourceVersionDate "2019.10.17"]
[SourceQuality "1"]

1. c4 e5 2. Nc3 Nf6 3. g3 c6 4. Bg2 d5 5. cxd5 cxd5 6. d4 exd4 7. Qxd4 Nc6 8. Qd1 d4 9. Ne4 Bb4+ 10. Bd2 0-0 11. Nxf6+ Qxf6 12. a3 Bc5 13. Qc2 Bb6 14. Nf3 Bf5 15. Qd1 d3 16. Bc3 Qe6 17. Nh4 Rfe8 18. e3 Bxe3 19. fxe3 Qxe3+ 20. Kf1 d2 21. Nxf5 Qd3+ 22. Kf2 Qxf5+ 23. Bf3 Rad8 24. Kg2 Rd3 25. Rf1 Re1 26. Qc2 Rxa1 0-1

[Event "Hillerod CC-chB"]
[Site "Hillerod"]
[Date "2018.01.09"]
[Round "2"]
[White "Paulsen, Laurids"]
[Black "Lavrsen, Frands Winther"]
[Result "0-1"]
[WhiteElo "1842"]
[BlackElo "1722"]
[PlyCount "76"]
[EventDate "2018.01.02"]
[EventType "tourn"]
[EventRounds "7"]
[EventCountry "DEN"]
[SourceTitle "EXT 2020"]
[Source "ChessBase"]
[SourceDate "2019.10.17"]
[SourceVersion "1"]
[SourceVersionDate "2019.10.17"]
[SourceQuality "1"]

1. e4 Nc6 2. d4 d5 3. e5 f6 4. Nf3 Bg4 5. Bb5 a6 6. Be2 e6 7. 0-0 Bxf3 8. Bxf3 fxe5 9. dxe5 Nxe5 10. Bh5+ g6 11. f4 Bc5+ 12. Kh1 Nf6 13. fxe5 Nxh5 14. Qg4 Ng7 15. Bg5 Be7 16. Bf6 0-0 17. Qg5 Bxf6 18. exf6 Nh5 19. Nd2 Rxf6 20. Qe3 Qe7 21. Nf3 Raf8 22. Rad1 c6 23. Rfe1 Ng7 24. Ng5 h6 25. Nf3 g5 26. Ne5 Nf5 27. Qh3 Nh4 28. Ng4 Rg6 29. Ne5 Rg7 30. Rd2 Qf6 31. g3 Qf5 32. Ng4 Qf3+ 33. Kg1 h5 34. Ne3 Nf5 35. Rf2 Qe4 36. Ng2 Qd4 37. Qxh5 Nxg3 38. hxg3 Qxf2+ 0-1

[Event "Hillerod-ch B"]
[Site "Hillerod"]
[Date "2004.04.27"]
[Round "1"]
[White "Larsen, Steen1111"]
[Black "Paulsen, Laurids"]
[Result "1-0"]
[WhiteElo "1678"]
[BlackElo "1615"]
[PlyCount "83"]
[EventDate "2004.04.27"]
[EventType "tourn"]
[EventRounds "7"]
[EventCountry "DEN"]
[SourceTitle "EXT 2023"]
[Source "ChessBase"]
[SourceDate "2022.10.05"]
[SourceVersion "1"]
[SourceVersionDate "2022.10.05"]
[SourceQuality "1"]

1. e4 e6 2. d4 d5 3. exd5 exd5 4. Nf3 Nf6 5. Bd3 Be7 6. h3 0-0 7. 0-0 c5 8. c3 Nc6 9. Bf4 c4 10. Bc2 b5 11. Nbd2 Bd7 12. Ne5 Re8 13. Re1 Qc8 14. Ndf3 Be6 15. Ng5 Bf8 16. Nxe6 fxe6 17. Bg5 Be7 18. Bxf6 Bxf6 19. Qh5 Bxe5 20. Qxh7+ Kf8 21. dxe5 Ke7 22. Qxg7+ Kd8 23. Re3 a5 24. Rf3 Ra7 25. Qg5+ Rae7 26. Re1 Kc7 27. Qe3 Rd8 28. Qc5 Qb7 29. Rf6 Kb8 30. Re3 Rc7 31. Rf8 Rxf8 32. Qxf8+ Rc8 33. Qd6+ Ka8 34. Qxe6 d4 35. cxd4 Nxd4 36. Qg6 Nxc2 37. Qxc2 Qd5 38. Qe4 Qxe4 39. Rxe4 b4 40. e6 c3 41. bxc3 bxc3 42. Re1 1-0